000 00710nam a2200181Ia 4500
008 090124s9999 xx 000 0 und d
082 _b104797
100 _aशेणोलीकर ह.श्री. (हरी श्रीधर)
245 _a ज्ञानेशांची अमृतवाणी
250 _a1
260 _c1954
300 _a72
600 _aशेणोलीकर ह.श्री. (हरी श्रीधर)
630 _a ज्ञानेशांची अमृतवाणी
700 _aशेणोलीकर ह.श्री. (हरी श्रीधर)
730 _a ज्ञानेशांची अमृतवाणी
942 _cBOOK
999 _c150889
_d150889